| 000 | 00408nam a22001577a 4500 | ||
|---|---|---|---|
| 003 | SGT | ||
| 020 | _a9788174731043 | ||
| 082 | _a512.8, HALL | ||
| 100 | _aHALL, H.S. | ||
| 245 | _aHIGHER ALGEBRA | ||
| 260 |
_aNEW DELHI _bAITBS PUBLISHERS, INDIA _c2013 |
||
| 300 | _a557 | ||
| 650 | _aALGEBRA | ||
| 653 | _aRATIO, PEOPRTION , VARIATION,ARITHMETICAL PROGRESSION, GEOMETRICAL PROGRESSION | ||
| 942 |
_2ddc _cFCM |
||
| 999 |
_c9238 _d9238 |
||